00982 a2200265 4500003000500000005001700005010001700022020002700039020002800066035001900094040000900113082001500122100001900137245010600156260005200262300003200314505018000346650002100526650002900547650001800576650002800594650003300622650003300655700002800688NUST20221121140205.0 a 2003055187 a0-521-53441-0 (pbk.) : a0-521-80689-5 (cased) : a(Uk)0521806895 cNust04a515.36,BEE aBeerends R.J. 10aFourier and Laplace transforms /cR.J. Beerends ...[et al.] ; translated from Dutch by R.J. Beerends. aCambridge :bCambridge University Press,c2003. ax, 447 p. :bill. ;c26 cm. aApplications And Foundations (Page-7), Fourier Series (Page-60), Fourier Integrals And Distributions (Page-138), Laplace Transforms (Page-253), Discrete Transforms (Page-340). 7aFourier analysis 7aFourier transformations. 7aFourieranalys 7aLaplace transformation. 7aTransformation (Mathematics) 7aTransformationer (matematik)1 aBeerends, R. J.,d1958-